The British Army, the Gurkhas and Cold War Strategy in the Far East, 1947-1954 : (Record no. 618749)

MARC details
000 -LEADER
fixed length control field 00567nam a2200193 a 4500
008 - FIXED-LENGTH DATA ELEMENTS--GENERAL INFORMATION
fixed length control field 260407s2002##################000#0#eng##
020 ## - INTERNATIONAL STANDARD BOOK NUMBER
ISBN 9780333801482
082 04 - DEWEY DECIMAL CLASSIFICATION NUMBER
Classification number 355.03304109
Item number GRE
100 1# - MAIN ENTRY--AUTHOR NAME
Personal name Gregorian, Raffi,
245 10 - TITLE STATEMENT
Title The British Army, the Gurkhas and Cold War Strategy in the Far East, 1947-1954 :
260 ## - PUBLICATION, DISTRIBUTION, ETC. (IMPRINT)
Name of publisher Palgrave Macmillan,
Year of publication 2002.
300 ## - PHYSICAL DESCRIPTION
Number of Pages 360 pages
650 #0 - SUBJECT ADDED ENTRY--TOPICAL TERM
Topical Term Political Science.
942 ## - ADDED ENTRY ELEMENTS (KOHA)
Koha item type English Books
Holdings
Withdrawn status Lost status Damaged status Not for loan Home library Current library Shelving location Date acquired Full call number Accession Number Price effective from Koha item type
        Anna Centenary Library Anna Centenary Library 4TH FLOOR, A WING 07.04.2026 355.03304109 GRE 320555 07.04.2026 English Books

Find us on the map